Statistics for Portland Trail Blazers 2015-2016 Roster

Click here to take the quiz!

General Stats

  • This quiz has been taken 99 times
  • The average score is 6 of 17

Answer Stats

HintAnswer% Correct
PGDamian Lillard
99%
SGC.J McCollum
81%
SFAl Farouq Aminu
53%
CMason Plumlee
43%
CMeyers Leonard
43%
SFMaurice Harkless
40%
SFAllen Crabbe
35%
PFEd Davis
29%
CChris Kaman
28%
PFNoah Vonleh
26%
SGGerald Henderson
25%
PGTim Frazier
24%
SGPat Connaughton
20%
PFCliff Alexander
18%
SFMike Miller
9%
SFLuis Montere
8%
PGPhil Pressey
5%

Score Distribution

Percentile by Number Answered

Percent of People with Each Score

Your Score History

You have not taken this quiz